000 03206nam a2200313 a 4500
001 000111808
003 CHAP
005 20251020135338.0
008 150817s2015 mx a |sm |||||||spa d
010 _a108269
011 _a109241
040 _cCHAP
090 _aTesis
100 1 _aRamírez Flores, José de Jesús
245 1 0 _aEvaluación del impacto ambiental y económico del ganado bovino lechero en la Comarca Lagunera, México
_cpor José de Jesús Ramírez Flores; director César Alberto Meza Herrera
264 _aBermejillo, Dgo. :
_bEl autor,
_c2015.
502 _bMaestro en Ciencias en Recursos Naturales y Medio Ambiente en Zonas Áridas.
_bMáster en Zootecnia y Gestión Sostenible: Ganadería Ecológica e Integrada.
_cUnidad Regional Universitaria de Zonas Áridas,
_cUniversidad de Córdoba. Instituto de Estudios de Posgrado,
_d2015.
520 _aEn la Comarca Lagunera (CL), localizada en el norte de México (102º 22' & 104º 47' LO, 24º 22' & 26º 23' LN), se ha observado un importante crecimiento del Bovino Productor de Leche (BPL) durante los últimos 50 años. Lo anterior ha situado a la CL como una de las cuencas lecheras más importantes del país. En 2014, la CL registró un inventario lechero superior a las 440,000 vacas, con 242,000 vacas en ordeño, una producción de 2,260 millones de litros por año y un valor económico (VE) de la producción de €867 millones. Sin embargo, las condiciones climáticas de la zona, incluyen altas temperaturas y radiación solar en verano y bajos niveles de precipitación anual (<220 mm). Por ello, la disponibilidad de agua es muy limitada, originando altas demandas en la extracción de aguas subterráneas mediante el uso de más de 2,200 pozos profundos para uso del BPL; dicha extracción ha generado un significativo déficit en las reservas de agua subterránea ya que el volumen de extracción es superior a la recarga. El impacto de la Huella Hídrica del BPL, es el segundo en importancia, sólo superado por la producción de carne de bovina. Sin embargo, si confrontamos el costo económico (CE) del BPL respecto al CE generado por la emisión de GEI (€118 millones) y se adiciona el CE generado por la huella hídrica (€13,219 millones), se observa no solamente un fuerte impacto ambiental sino un significativo costo económico de dicho impacto ambiental. Por lo anterior, es imperativo definir estrategias de mitigación en el uso del recurso hídrico, fundamental en la viabilidad global de la Comarca Lagunera, enclavada en un entorno árido. De lo contrario, se pondrá en riesgo no solo la sustentabilidad del sistema de producción del bovino lechero, sino la viabilidad biológica, económica y social de la Comarca Lagunera.
590 _aE5652GLJ
_b05
_c20150817
590 _aE5652GLJ
_b05
_c20150817
650 1 4 _aEfecto invernadero.
650 1 4 _aGanado lechero
_xComarca Lagunera.
650 1 4 _aGanado lechero
_xEfecto del medio ambiente.
650 1 4 _aImpacto ambiental.
700 1 _aMeza Herrera, César Alberto
_edirector.
856 _uhttp://10.13.5.2/tesis/sist111808.pdf
_yDESCARGAR PDF
901 _aBK
942 _cTesis
_2Clasificación Universidad Autónoma Chapingo
999 _c108269
_d108269